000 00356pab a2200157 454500
008 180718b2012 xxu||||| |||| 00| 0 eng d
100 _aTeltumbde, Anand
245 _aIdentity politics and the annihilation of caste
260 _c2012
300 _ap.28-32.
362 _aMay
650 _aCaste
773 _aSeminar
908 _aN
909 _a95896
999 _c95896
_d95896